000 00445nam a22001817a 4500
005 20260224155906.0
008 260224b |||||||| |||| 00| 0 eng d
020 _a978-93-80026-99-2
050 _aQA 251 .R36 2011
_b1
100 _aRAO,G SHANKER
245 _aLINEAR ALGEBRA
260 _aINDIA
_bTECHSAR Pvt Ltd
300 _aindex
500 _axii, 263p
650 _aLINEAR ALGEBRA
700 _aRAO , G. SHANKAR
942 _2lcc
_cBK
999 _c216619
_d216619